[Event "Toronto NAYCC U18"]
[Site "Toronto"]
[Date "2013.08.18"]
[Round "9"]
[White "Song, Guangyu"]
[Black "Inigo, Aquino"]
[Result "0-1"]
[WhiteElo "1609"]
[BlackElo "2241"]
[PlyCount "64"]
[EventDate "2013.08.14"]
[EventType "swiss"]
[EventRounds "9"]
[EventCountry "CAN"]
[SourceTitle "EXT 2022"]
[Source "ChessBase"]
[SourceDate "2021.10.06"]
[SourceVersion "1"]
[SourceVersionDate "2021.10.06"]
[SourceQuality "1"]

1. d4 d5 2. c4 e6 3. Nf3 Nf6 4. Bg5 Be7 5. Nc3 0-0 6. e3 h6 7. Bh4 b6 8. Rc1 Bb7 9. cxd5 Nxd5 10. Bxe7 Qxe7 11. Bd3 Rc8 12. 0-0 Nxc3 13. Rxc3 Nd7 14. Bb1 Nf6 15. Nd2 c5 16. dxc5 Rxc5 17. Rxc5 Qxc5 18. Nb3 Qg5 19. g3 Ng4 20. Qe2 Qh5 21. f3 Ne5 22. e4 Rd8 23. Kg2 g5 24. h3 Qg6 25. f4 gxf4 26. Rxf4 Qg7 27. h4 Ng6 28. Rg4 f5 29. Rxg6 Qxg6 30. Nd2 fxe4 31. h5 e3+ 32. Kh3 Rxd2 0-1